Música i escena a l'abast
Descripción Física:
190 pàg. ; 21 x 32 cm
Materias:
Arts de l'espectacle -- Barcelona (Catalunya : Província) -- Catàlegs
; Espectacles i passatemps -- Barcelona (Catalunya : Província) -- Catàlegs
Idioma:
Catalán
MARC
| LEADER | 00000nam a22000007a 4500 | ||
|---|---|---|---|
| 001 | 28940 | ||
| 003 | AGDB | ||
| 005 | 20260324181533.0 | ||
| 008 | 250716b spa||||| |||| 00| 0 cat d | ||
| 040 | |a agdb |b cat | ||
| 245 | |a Música i escena a l'abast | ||
| 260 | |a [Barcelona] : |b Diputació de Barcelona ; |c 1985 | ||
| 300 | |a 190 pàg. ; |c 21 x 32 cm | ||
| 541 | |a Donació de l'Oficina de Difusió Artística. | ||
| 650 | 0 | |a Arts de l'espectacle |z Barcelona (Catalunya : Província) |v Catàlegs |9 72291 | |
| 650 | 0 | |a Espectacles i passatemps |z Barcelona (Catalunya : Província) |v Catàlegs |9 72292 | |
| 710 | 1 | |a Barcelona (Catalunya : Província). |b Servei de Cultura |9 54401 | |
| 942 | |2 udc |c ARXIU |n 1 | ||
| 952 | |0 0 |1 0 |4 0 |6 BIB1334 |7 1 |9 98277 |a Arxiu |b Arxiu |d 2025-07-16 |l 0 |o Bib-1334 |p 28940 |r 2025-07-16 00:00:00 |w 2025-07-16 |y ARXIU | ||
| 999 | |c 130055 |d 130055 | ||